000 00942nas a2200301 454500
001 28491
005 20260407193507.0
008 260407s1967####ag###########|||spa#d
003 AR-UNSa-BCEJYS
040 _aAR-UNSa-BCEJYS
_bspa
_cAR-UNSa-BCEJYS
080 _a2
_xReligión- Teología
245 1 0 _aUniversitas
022 _a0566-1935
264 1 _aBuenos Aires :
_bEDUCA (Editorial de la Universidad Católica Argentina)
_c1967
310 _aFrecuencia: Irregular
942 _cSER
590 _aniveau_biblio:s niveau_hierar:1
100 1 _aPontificia Universidad Católica Argentina
700 1 _aEstrada, Santiago de
650 _aIglesia
650 _aDerecho
650 _aEducación
650 _aFilosofía
650 _aTeología
650 _aHistoria
650 _aECONOMIA
856 4 1 _uhttps://biblioeco.unsa.edu.ar/pmb/images/revistas/Universitas Septiembre-Diciembre 1984-r13775.jpg
_yImagen de portada
_qimage/jpeg
999 _c8650
_d8650